• 首页
  • 本馆介绍
  • 公告通知
  • 最新文献
  • 馆藏检索
  • 电子资源
  • 读者导购
  • 参考咨询
  • 我的图书馆
  • 登录
  • 详细信息显示
  • 放入我的书架
  • 预约/预借图书
  • 作者相关作品
  • 分类相关作品
  • 丛书相关作品
  • 出版社相关作品

书目信息

  • 表格格式
  • 工作单格式
  • 卡片格式
书名: 土壤的物理特性和生理活跃期
作者: 朗吉娜.
分册号:
分册名:
出版地: 新西伯利亚 :
 
出版社: 科学出版社
出版时间:
页数: 141 p. ;
开本: 20cm.
丛书名:
中图分类号:
科图分类号:
其他分类号: S156.99
主题词:
电子资源:
000 00385nam 2200157 a 4500
001 E0731515854
005 20070730084729.34
008 070730s 00010 eng
040    @aPFT@bchi
041    @achi@hrus
090    @aS156.99
099    @dS156.99@ex3
245 1  @a土壤的物理特性和生理活跃期 / @c朗吉娜.
260    @a新西伯利亚 :@b科学出版社.
300    @a141 p. ;@c20cm.
650    @a生物
    
    土壤的物理特性和生理活跃期 / / 朗吉娜.-新西伯利亚 : : 科学出版社.
    141 p. ; ; 20cm.
    
    
    ISBN
    
●
相关链接 在E读中查询图书 在五车中查询图书 在当当中查询图书 在豆瓣中查询图书


正题名:土壤的物理特性和生理活跃期     索取号:S156.99/x3         预约/预借

序号 登录号 条形码 馆藏地/架位号 状态 备注
1 0014681   300146811   第二样本阅览室/ [索取号:S156.99/x3] 在馆    
唐山师范学院图书馆 欢迎您!
大连网信软件有限公司© 版权所有